| 000 | 00516nmm a2200169Ia 4500 | ||
|---|---|---|---|
| 008 | 251105s9999||||xx |||||||||||||||||und|| | ||
| 020 | _a9788490644881 | ||
| 041 | _aspa | ||
| 100 | _aEscales Jiménez, Carme | ||
| 245 | 0 | _aTras los andamios de la Sagrada Familia | |
| 264 |
_a[Madrid, España] : _bUniversitat Oberta de Catalunya, _c2015 |
||
| 300 | _a138 páginas | ||
| 490 | _aReportajes 360º | ||
| 650 | _aArchitecture & Sculpture | ||
| 856 | _uhttps://public.digitaliapublishing.com/a/44013 | ||
| 942 | _cCF | ||
| 999 |
_c87720 _d87720 |
||